[Event "XXVII Festival Conca della Presolana B"]
[Site "Bratto - Castione della Presolana ITA"]
[Date "2007.08.30"]
[Round "7"]
[White "Tafur, Abel"]
[Black "Hunt, Daniel"]
[Result "1/2-1/2"]
[WhiteElo "1984"]
[BlackElo "1754"]
[PlyCount "91"]
[EventDate "2007.08.24"]

1. c4 Nf6 2. Nc3 d5 3. cxd5 Nxd5 4. g3 g6 5. Bg2 Nxc3 6. bxc3 Bg7 7. Nf3 O-O 8.
O-O c5 9. Ba3 Qa5 10. Qb3 Be6 11. Qxb7 Nd7 12. Bc1 Rab8 13. Qe4 Bf5 14. Qe3 e5
15. Nh4 Be6 16. f4 exf4 17. gxf4 Rfe8 18. Qf3 Bc4 19. Re1 Qd8 20. Qf2 Rxe2 21.
Rxe2 Bxe2 22. Nxg6 hxg6 23. Qxe2 Qb6 24. Kh1 Nf6 25. Qc4 Qa5 26. a4 Nh5 27. Bd5
Qc7 28. d3 Re8 29. Ba3 Nxf4 30. Be4 Ne6 31. Rf1 Qe5 32. Bd5 Qxc3 33. Bxe6 Rxe6
34. Qxc3 Bxc3 35. Bxc5 Re5 36. d4 Rd5 37. Bxa7 Ra5 38. Rc1 Rxa4 39. Rxc3 Rxa7
40. Kg2 Ra2+ 41. Kg3 Rd2 42. Rc8+ Kg7 43. Rd8 Kf6 44. h4 Ke7 45. Rd5 Ke6 46.
Rd8 1/2-1/2

[Event "XXVII Festival Conca della Presolana B"]
[Site "Bratto - Castione della Presolana ITA"]
[Date "2007.08.30"]
[Round "7"]
[White "Vargiu, Antonio"]
[Black "Cobas Ferrer, Dayami"]
[Result "0-1"]
[WhiteElo "1917"]
[BlackElo "1992"]
[PlyCount "96"]
[EventDate "2007.08.24"]

1. e4 e5 2. Nf3 Nc6 3. d4 exd4 4. Bc4 Nf6 5. e5 d5 6. Bb5 Ne4 7. Nxd4 Bd7 8.
Bxc6 bxc6 9. O-O Bc5 10. f3 Ng5 11. Be3 O-O 12. f4 Ne4 13. Nd2 Nxd2 14. Qxd2
Qe7 15. Qf2 Bb6 16. Kh1 f6 17. e6 Bxe6 18. Nxc6 Qd6 19. Bxb6 axb6 20. Nd4 Bd7
21. Rfe1 c5 22. Ne2 Rfe8 23. a3 d4 24. Ng3 Qd5 25. f5 Rxe1+ 26. Rxe1 Re8 27.
Rxe8+ Bxe8 28. Qe2 Bc6 29. Qe6+ Qxe6 30. fxe6 Bd5 31. e7 Kf7 32. Nf5 b5 33.
Nxg7 Kxe7 34. Nf5+ Ke6 35. Ng3 Ke5 36. Kg1 Bf7 37. Kf2 Bg6 38. c4 dxc3 39. bxc3
Kd5 40. Ke3 Kc4 41. Ne2 Kb3 42. Kd2 Kxa3 43. Nf4 b4 44. cxb4 cxb4 45. Nd5 b3
46. Nc3 b2 47. g4 Kb3 48. h4 h6 0-1

[Event "XXVII Festival Conca della Presolana B"]
[Site "Bratto - Castione della Presolana ITA"]
[Date "2007.08.30"]
[Round "7"]
[White "Vocaturo, Ilaria"]
[Black "Scarpellini, Felice"]
[Result "0-1"]
[WhiteElo "1698"]
[BlackElo "1848"]
[PlyCount "90"]
[EventDate "2007.08.24"]

1. d4 Nf6 2. Nf3 e6 3. Bg5 Be7 4. e3 d5 5. Bd3 O-O 6. Nbd2 h6 7. Bf4 Nbd7 8. c3
c6 9. Ne5 Nxe5 10. dxe5 Nd7 11. h4 f5 12. Nf3 Nc5 13. Bc2 Ne4 14. Qe2 b5 15.
Nd4 Bd7 16. Qh5 Qe8 17. Qe2 c5 18. Nb3 b4 19. f3 c4 20. Nd4 Nc5 21. cxb4 Na6
22. a3 Bd8 23. g4 Bb6 24. gxf5 exf5 25. Qg2 Kh8 26. Rg1 Qe7 27. Qg6 Bxd4 28.
exd4 Nc7 29. Kd2 Ne6 30. Be3 Be8 31. Qg2 Rc8 32. Qh3 f4 33. Bf2 Bf7 34. Bf5 Bg8
35. Bg4 c3+ 36. bxc3 Qc7 37. Bf5 Qxc3+ 38. Ke2 Qb2+ 39. Kf1 Rxf5 40. Qxf5 Qxa1+
41. Kg2 Qxa3 42. Kh2 Qxf3 43. Rg2 Qe4 44. Qh3 Rc2 45. h5 f3 0-1

[Event "XXVII Festival Conca della Presolana B"]
[Site "Bratto - Castione della Presolana ITA"]
[Date "2007.08.31"]
[Round "8"]
[White "Acunzo, Domenico"]
[Black "Menegollo, Carlo"]
[Result "0-1"]
[WhiteElo "1776"]
[BlackElo "1889"]
[PlyCount "120"]
[EventDate "2007.08.24"]

1. e4 e6 2. d4 d5 3. Nc3 dxe4 4. Nxe4 Nd7 5. Nf3 Ngf6 6. Nxf6+ Nxf6 7. Bg5 Be7
8. Bd3 c5 9. dxc5 Qa5+ 10. c3 Qxc5 11. O-O O-O 12. Qc2 g6 13. Rad1 b6 14. Qe2
Bb7 15. Bxf6 Bxf6 16. Be4 Bxe4 17. Qxe4 Rad8 18. h3 Qb5 19. Qc2 e5 20. Rfe1 Bg7
21. Ng5 h6 22. Ne4 Kh7 23. Rd2 f5 24. Ng3 Rd7 25. Red1 Rfd8 26. Rxd7 Rxd7 27.
Rxd7 Qxd7 28. c4 e4 29. Kf1 e3 30. fxe3 Qc7 31. Ne2 Qe5 32. Qd2 Qxb2 33. Qxb2
Bxb2 34. Nd4 Kg7 35. Nb3 Ba3 36. Ke2 Kf6 37. Kd3 g5 38. Kd4 Ke6 39. Nd2 Bc5+
40. Kd3 a5 41. a4 h5 42. Nf3 g4 43. hxg4 fxg4 44. Nh2 Kf5 45. g3 Kg5 46. Nf1 h4
47. gxh4+ Kxh4 48. Ke2 Kh3 49. Kf2 Bd6 50. Kg1 g3 51. Nd2 Bc5 52. Nf3 Bxe3+ 53.
Kf1 g2+ 54. Ke2 g1=Q 55. Nxg1+ Bxg1 56. Kf3 Bc5 57. Ke4 Kg3 58. Kd5 Kf3 59. Kc6
Ke3 60. Kb5 Kd3 0-1

[Event "XXVII Festival Conca della Presolana B"]
[Site "Bratto - Castione della Presolana ITA"]
[Date "2007.08.31"]
[Round "8"]
[White "Antoniacci, Riccardo"]
[Black "Mazzetta, Renato"]
[Result "1/2-1/2"]
[WhiteElo "1989"]
[BlackElo "1864"]
[PlyCount "105"]
[EventDate "2007.08.24"]

1. d4 Nf6 2. c4 e5 3. dxe5 Ng4 4. Nf3 Bc5 5. e3 Nc6 6. a3 a5 7. Nc3 Ngxe5 8.
Nd4 O-O 9. Be2 Re8 10. O-O Bf8 11. b3 b6 12. Bb2 Bb7 13. Qc2 d6 14. Rae1 Qd7
15. Nd5 Nxd4 16. exd4 Bxd5 17. cxd5 Ng6 18. Bd3 Be7 19. a4 Qd8 20. f4 Bf6 21.
Rc1 Qe7 22. Kh1 Nh4 23. Bb5 Rec8 24. Rce1 Qf8 25. Bd7 Rcb8 26. Qxc7 g6 27. Re2
Nf5 28. Bxf5 gxf5 29. Qd7 Qg7 30. Rf3 Rd8 31. Qxf5 Kf8 32. Rg3 Qh8 33. Rh3 Re8
34. Rhe3 Rxe3 35. Rxe3 Bxd4 36. Bxd4 Qxd4 37. Qe4 Qxe4 38. Rxe4 Rc8 39. Rc4 Rc5
40. Rxc5 dxc5 41. Kg1 Ke7 42. Kf2 Kd6 43. Ke3 Kxd5 44. Kd3 f5 45. h3 h5 46. g3
Kd6 47. Ke3 Kd5 48. Kf3 c4 49. bxc4+ Kxc4 50. g4 fxg4+ 51. hxg4 hxg4+ 52. Kxg4
b5 53. axb5 1/2-1/2

[Event "XXVII Festival Conca della Presolana B"]
[Site "Bratto - Castione della Presolana ITA"]
[Date "2007.08.31"]
[Round "8"]
[White "Autino, Massimiliano"]
[Black "Pedemonte, Claudio"]
[Result "1-0"]
[WhiteElo "1779"]
[BlackElo "1915"]
[PlyCount "89"]
[EventDate "2007.08.24"]

1. d4 d5 2. Nf3 Nf6 3. e3 e6 4. Bd3 c5 5. c3 Nc6 6. Nbd2 Bd6 7. O-O O-O 8. Re1
b6 9. e4 dxe4 10. Nxe4 Be7 11. dxc5 bxc5 12. Nxf6+ Bxf6 13. Be3 Qe7 14. Be4 Bb7
15. Qa4 Rac8 16. Qb5 Nd8 17. Bxb7 Qxb7 18. Qxb7 Nxb7 19. Rad1 Rfd8 20. Kf1 h6
21. Ke2 Kf8 22. Rxd8+ Rxd8 23. Rd1 Rxd1 24. Kxd1 Ke7 25. Kc2 Kd6 26. c4 a5 27.
b3 Nd8 28. Nd2 Kc6 29. Kd3 Nb7 30. Ne4 Be7 31. Bd2 Kb6 32. Bc3 Nd8 33. Bxg7 h5
34. Bf6 Bxf6 35. Nxf6 h4 36. Ke4 Nc6 37. Nd7+ Kc7 38. Nxc5 Kb6 39. Nd7+ Ka6 40.
Ne5 Nb4 41. a4 Nc2 42. Nxf7 Na1 43. Ng5 Nxb3 44. Nxe6 Nd2+ 45. Kd5 1-0

[Event "XXVII Festival Conca della Presolana B"]
[Site "Bratto - Castione della Presolana ITA"]
[Date "2007.08.31"]
[Round "8"]
[White "Barrera, Pietro"]
[Black "Romano, Zeno"]
[Result "0-1"]
[WhiteElo "1905"]
[BlackElo "1866"]
[PlyCount "80"]
[EventDate "2007.08.24"]

1. d4 d5 2. Nf3 Nf6 3. Bg5 e6 4. e3 Be7 5. Bd3 O-O 6. O-O b6 7. Nbd2 Bb7 8.
Bxf6 Bxf6 9. Qe2 Nd7 10. Rad1 Qe7 11. c3 c5 12. Rfe1 Rfd8 13. Bb1 Rac8 14. Nf1
g6 15. h3 Bg7 16. e4 dxe4 17. Bxe4 Bxe4 18. Qxe4 cxd4 19. Nxd4 Nf6 20. Qe2 Nd5
21. a3 Qb7 22. Qe4 Qd7 23. Ne3 Qb5 24. Rd2 Rc7 25. Qh4 Rcd7 26. Red1 Ne7 27. g4
Nc6 28. g5 e5 29. Ng4 Nxd4 30. cxd4 Rxd4 31. Rxd4 Rxd4 32. Rxd4 exd4 33. Nf6+
Bxf6 34. gxf6 Qe5 35. f4 Qd6 36. Kf1 h5 37. Qg5 Qe6 38. h4 d3 39. Qe5 Qxe5 40.
fxe5 g5 0-1

[Event "XXVII Festival Conca della Presolana B"]
[Site "Bratto - Castione della Presolana ITA"]
[Date "2007.08.31"]
[Round "8"]
[White "Biava, Pierluigi"]
[Black "Davi, Alessandro"]
[Result "0-1"]
[WhiteElo "1739"]
[BlackElo "1834"]
[PlyCount "64"]
[EventDate "2007.08.24"]

1. e4 c6 2. Nc3 d5 3. exd5 cxd5 4. d4 Nf6 5. h3 Bf5 6. Nf3 h6 7. Bf4 Nc6 8. Nb5
Rc8 9. c3 e6 10. Qa4 Qb6 11. Ne5 a6 12. Na7 Qxa7 13. Nxc6 Rxc6 14. Bb5 Qb6 15.
Bxc6+ Qxc6 16. Qxc6+ bxc6 17. f3 Kd7 18. Kd2 Bd6 19. Be3 Bg6 20. a3 Nh5 21. b4
Ng3 22. Rhg1 Nf5 23. Bf2 Bf4+ 24. Ke2 Nd6 25. a4 Nc4 26. g3 Bd6 27. g4 e5 28.
g5 Re8 29. Kf1 h5 30. b5 e4 31. fxe4 Bxe4 32. Rd1 Bf3 0-1

[Event "XXVII Festival Conca della Presolana B"]
[Site "Bratto - Castione della Presolana ITA"]
[Date "2007.08.31"]
[Round "8"]
[White "Bitossi, Massimo"]
[Black "Fontanesi, Riccardo"]
[Result "1-0"]
[WhiteElo "1892"]
[BlackElo "1837"]
[PlyCount "97"]
[EventDate "2007.08.24"]

1. d4 Nf6 2. Nc3 c5 3. d5 e6 4. e4 exd5 5. exd5 d6 6. Bd3 g6 7. h3 Bg7 8. Nf3
O-O 9. O-O Na6 10. Bg5 Qb6 11. Rb1 Nb4 12. a3 Nbxd5 13. Nxd5 Nxd5 14. Bxg6 hxg6
15. Qxd5 Be6 16. Qd2 Rfe8 17. Bh6 d5 18. b4 c4 19. Bxg7 Kxg7 20. Qc3+ f6 21.
Rbd1 Rad8 22. Nd4 a6 23. Qe3 Qd6 24. Qf3 Bf7 25. Rfe1 Re5 26. Qg4 Rde8 27. Kf1
Rg5 28. Qf3 Rge5 29. Qg3 Rxe1+ 30. Rxe1 Qxg3 31. fxg3 Rxe1+ 32. Kxe1 f5 33. Ke2
Kf6 34. a4 b6 35. Ke3 Be8 36. a5 bxa5 37. bxa5 Ba4 38. c3 g5 39. Nf3 g4 40. Nd4
Ke5 41. h4 Be8 42. Ne2 Bf7 43. Nf4 Be8 44. h5 Bf7 45. h6 Bg8 46. Ng6+ Kf6 47.
Nf8 Kf7 48. h7 Kxf8 49. h8=Q 1-0

[Event "XXVII Festival Conca della Presolana B"]
[Site "Bratto - Castione della Presolana ITA"]
[Date "2007.08.31"]
[Round "8"]
[White "Buono, Valerio"]
[Black "Stella, Luca"]
[Result "1/2-1/2"]
[WhiteElo "1965"]
[BlackElo "1855"]
[PlyCount "26"]
[EventDate "2007.08.24"]

1. e4 c5 2. Nf3 d6 3. d4 cxd4 4. Nxd4 Nf6 5. Nc3 g6 6. Be2 Bg7 7. Be3 O-O 8.
O-O Nc6 9. Nb3 Be6 10. f4 Qd7 11. h3 Rfd8 12. Bf3 b6 13. Qe2 Ne8 1/2-1/2

[Event "XXVII Festival Conca della Presolana B"]
[Site "Bratto - Castione della Presolana ITA"]
[Date "2007.08.31"]
[Round "8"]
[White "Cambieri, Mario"]
[Black "Viglino, Antonio"]
[Result "1/2-1/2"]
[WhiteElo "1867"]
[BlackElo "1871"]
[PlyCount "90"]
[EventDate "2007.08.24"]

1. c4 c5 2. g3 Nc6 3. Bg2 g6 4. Nf3 Bg7 5. Nc3 Nf6 6. O-O O-O 7. d3 d5 8. cxd5
Nxd5 9. Bd2 Nxc3 10. bxc3 Rb8 11. Qc2 Qd6 12. Rad1 b6 13. Rfe1 Ba6 14. Bc1 Rbc8
15. Bb2 e5 16. Ng5 Qe7 17. h4 Bb7 18. Ne4 Kh8 19. c4 f5 20. Ng5 Nd4 21. Bxd4
exd4 22. e4 f4 23. Qe2 fxg3 24. fxg3 Be5 25. Qg4 Rc6 26. Rf1 Bc8 27. Rxf8+ Qxf8
28. Qe2 Bxg3 29. Rf1 Rf6 30. Rxf6 Qxf6 31. e5 Qe7 32. e6 Bxh4 33. Nf7+ Kg7 34.
Bd5 Qc7 35. Ne5 Bf6 36. Ng4 Qg3+ 37. Kf1 Qf4+ 38. Kg2 h5 39. Nxf6 Qxf6 40. e7
Qg5+ 41. Kh2 Qh4+ 42. Kg1 Qg5+ 43. Qg2 Qc1+ 44. Kh2 Qf4+ 45. Kh1 Qc1+ 1/2-1/2

[Event "XXVII Festival Conca della Presolana B"]
[Site "Bratto - Castione della Presolana ITA"]
[Date "2007.08.31"]
[Round "8"]
[White "Chiarion, Elisa"]
[Black "Tafur, Abel"]
[Result "0-1"]
[WhiteElo "1814"]
[BlackElo "1984"]
[PlyCount "148"]
[EventDate "2007.08.24"]

1. e4 g6 2. d4 Bg7 3. Nf3 d6 4. c4 Nf6 5. Nc3 O-O 6. Bd3 Bg4 7. Bc2 Nc6 8. Be3
Nd7 9. Qd2 Bxf3 10. gxf3 e5 11. d5 Nd4 12. Bxd4 exd4 13. Ne2 Ne5 14. Nxd4 Nxc4
15. Qc3 b5 16. b3 Ne5 17. Rd1 Qg5 18. Qe3 Qg2 19. Ke2 Qh3 20. Rhg1 Bh6 21. f4
Qh5+ 22. Kd2 Ng4 23. Qf3 Nf6 24. Ke3 Rfe8 25. Qxh5 Nxh5 26. Ne2 f5 27. f3 Re7
28. Rd4 Rf8 29. Rf1 a5 30. a3 Rfe8 31. Bd3 Bg7 32. Bxb5 Rb8 33. a4 Bxd4+ 34.
Kxd4 fxe4 35. fxe4 Rf8 36. Bc6 Ref7 37. Ke3 Kh8 38. Bb5 g5 39. f5 Nf6 40. Rg1
Re7 41. Nc3 h6 42. Kf3 Rg8 43. Bd3 Nd7 44. Bb5 Nc5 45. Bc4 Rb8 46. Rb1 Kg7 47.
Rb2 Kf6 48. Rb1 Rb6 49. Bb5 Rb8 50. Bc4 Re5 51. Bb5 h5 52. Rg1 Nxb3 53. Ke3 Nc5
54. Rf1 Re7 55. Rg1 Nd7 56. Rg3 Ne5 57. Rg2 Nf7 58. Kd3 g4 59. Ke3 Kg5 60. Rg3
Nh6 61. Kd4 Re5 62. Ne2 Rxb5 63. axb5 Nxf5+ 64. Kd3 Nxg3 65. Nxg3 a4 66. Ne2 a3
67. Nc3 h4 68. Ke3 Re8 69. Kf2 Rf8+ 70. Kg2 Rf3 71. Na2 Re3 72. Kf2 Rxe4 73.
Nc3 Rc4 74. Na2 Rc2+ 0-1

[Event "XXVII Festival Conca della Presolana B"]
[Site "Bratto - Castione della Presolana ITA"]
[Date "2007.08.31"]
[Round "8"]
[White "Cobas Ferrer, Dayami"]
[Black "Boccalatte, Piero"]
[Result "0-1"]
[WhiteElo "1992"]
[BlackElo "1975"]
[PlyCount "66"]
[EventDate "2007.08.24"]

1. e4 c6 2. d4 d5 3. exd5 cxd5 4. c4 Nf6 5. Nc3 e6 6. Nf3 Bb4 7. cxd5 Nxd5 8.
Qc2 Nc6 9. Bd3 Ba5 10. a3 Nxc3 11. bxc3 Nxd4 12. Nxd4 Qxd4 13. Bb5+ Ke7 14. O-O
Qe5 15. a4 f6 16. Ba3+ Kf7 17. Rfe1 Qc7 18. Qe2 g6 19. Rad1 Kg7 20. Rd3 Rd8 21.
Rxd8 Qxd8 22. Rd1 Qc7 23. Bd6 Qxc3 24. Bf4 e5 25. Bd2 Qc7 26. Rc1 Qd8 27. Be3
Be6 28. f4 a6 29. Bd3 Rc8 30. fxe5 Rxc1+ 31. Bxc1 Qd4+ 32. Be3 Qxe5 33. g3
33... Bd5 $138 0-1

[Event "XXVII Festival Conca della Presolana B"]
[Site "Bratto - Castione della Presolana ITA"]
[Date "2007.08.31"]
[Round "8"]
[White "Crimi, Alessandro"]
[Black "Gallana, Marco"]
[Result "0-1"]
[WhiteElo "1918"]
[BlackElo "1949"]
[PlyCount "78"]
[EventDate "2007.08.24"]

1. d4 Nf6 2. c4 g6 3. Nc3 d5 4. cxd5 Nxd5 5. e4 Nxc3 6. bxc3 Bg7 7. Rb1 O-O 8.
Nf3 c5 9. Be2 Nc6 10. d5 Ne5 11. Nxe5 Bxe5 12. Qd2 Qa5 13. Rb3 c4 14. Bxc4 Bd7
15. f4 Rac8 16. fxe5 Rxc4 17. O-O Rxe4 18. Rxb7 Bf5 19. Rxe7 Qc5+ 20. Qf2 Qxe7
21. Bf4 Qb7 22. d6 Qb6 23. Bg3 Qxf2+ 24. Kxf2 Rb8 25. Kf3 Rc4 26. Rc1 Kf8 27.
h3 Rb1 28. Re1 Rxc3+ 29. Re3 Rxe3+ 30. Kxe3 Rb2 31. Bh4 Rxg2 32. Kd4 Rxa2 33.
Kd5 Rc2 34. Bd8 Ke8 35. Ba5 Bxh3 36. Kd4 h5 37. Be1 g5 38. Kd3 Bf5+ 39. Ke3 h4
0-1

[Event "XXVII Festival Conca della Presolana B"]
[Site "Bratto - Castione della Presolana ITA"]
[Date "2007.08.31"]
[Round "8"]
[White "Fiorili, Roberto"]
[Black "Gatta, Flavio"]
[Result "1-0"]
[WhiteElo "1946"]
[BlackElo "1791"]
[PlyCount "79"]
[EventDate "2007.08.24"]

1. d4 Nf6 2. c4 c5 3. Nf3 cxd4 4. Nxd4 e5 5. Nb3 d5 6. cxd5 Qxd5 7. Qxd5 Nxd5
8. e4 Bb4+ 9. N1d2 Nf6 10. a3 Be7 11. f3 a6 12. Nc4 Nbd7 13. Be3 b5 14. Nca5
O-O 15. O-O-O Bd8 16. Be2 Nb6 17. Rd6 Nc4 18. Nxc4 bxc4 19. Bxc4 Be7 20. Rd2
Bd7 21. Kb1 Ba4 22. Ka2 Rfc8 23. Be2 a5 24. Na1 Bd7 25. Rc2 Be6+ 26. Kb1 Rcb8
27. Rc3 a4 28. Rhc1 h6 29. Bc5 Bd8 30. Bd6 Ba5 31. R3c2 Rd8 32. Bxe5 Nh5 33.
Bc7 Bxc7 34. Rxc7 Rd2 35. R1c2 Rad8 36. Rxd2 Rxd2 37. Rc2 Rd4 38. g3 Nf6 39.
Kc1 h5 40. Rd2 1-0

[Event "XXVII Festival Conca della Presolana B"]
[Site "Bratto - Castione della Presolana ITA"]
[Date "2007.08.31"]
[Round "8"]
[White "Franciosi, Fausto"]
[Black "Cocuzzi, Edoardo"]
[Result "1/2-1/2"]
[WhiteElo "1698"]
[BlackElo "1887"]
[PlyCount "93"]
[EventDate "2007.08.24"]

1. h3 d5 2. g4 e5 3. Bg2 Bc5 4. a3 a6 5. e3 h5 6. b4 Ba7 7. Bb2 hxg4 8. hxg4
Rxh1 9. Bxh1 Qh4 10. Bxd5 c6 11. Bf3 f6 12. Nc3 Nh6 13. Qe2 Nxg4 14. Ne4 Ke7
15. O-O-O Be6 16. Bxg4 Bxg4 17. f3 Bf5 18. Qd3 Bxe4 19. Qxe4 Qxe4 20. fxe4 Nd7
21. c3 Nb6 22. Ne2 Nc4 23. Kb1 Rd8 24. Bc1 Bxe3 25. d3 Bxc1 26. Kxc1 Nxa3 27.
c4 a5 28. bxa5 Ra8 29. Kb2 Rxa5 30. Ra1 Nxc4+ 31. dxc4 Rxa1 32. Kxa1 Kd6 33.
Kb2 Kc5 34. Kc3 g6 35. Nc1 b6 36. Nd3+ Kd6 37. c5+ bxc5 38. Kc4 f5 39. Nxc5
fxe4 40. Nxe4+ Ke6 41. Ng3 Kf6 42. Kc5 Kg5 43. Kxc6 Kf4 44. Nf1 e4 45. Kd5 e3
46. Nxe3 Kxe3 47. Ke5 1/2-1/2

[Event "XXVII Festival Conca della Presolana B"]
[Site "Bratto - Castione della Presolana ITA"]
[Date "2007.08.31"]
[Round "8"]
[White "Gazzetta, Marco"]
[Black "Oteri, Aldo"]
[Result "0-1"]
[WhiteElo "1769"]
[BlackElo "1957"]
[PlyCount "46"]
[EventDate "2007.08.24"]

1. e4 e6 2. d4 d5 3. e5 c5 4. c3 Nc6 5. Nf3 Qb6 6. Bd3 f6 7. Nh4 g6 8. exf6
Nxf6 9. dxc5 Bxc5 10. Qf3 O-O 11. Bxg6 Bxf2+ 12. Qxf2 Qxf2+ 13. Kxf2 Ne4+ 14.
Ke1 hxg6 15. Nxg6 Rf2 16. Be3 Rxg2 17. b4 Rxg6 18. b5 Ne5 19. h4 Rg3 20. Bd4
Nf3+ 21. Ke2 Nxd4+ 22. cxd4 e5 23. Rc1 Bg4+ 0-1

[Event "XXVII Festival Conca della Presolana B"]
[Site "Bratto - Castione della Presolana ITA"]
[Date "2007.08.31"]
[Round "8"]
[White "Gozzini, Giambattista"]
[Black "Simone, Marco"]
[Result "1-0"]
[WhiteElo "1881"]
[BlackElo "1904"]
[PlyCount "93"]
[EventDate "2007.08.24"]

1. e4 e6 2. d3 d5 3. Nd2 Nf6 4. Ngf3 Bc5 5. d4 dxe4 6. dxc5 exf3 7. Qxf3 O-O 8.
Bd3 Nbd7 9. Ne4 Nxe4 10. Qxe4 Nf6 11. Qh4 h6 12. Be3 Qd5 13. O-O Qh5 14. Qxh5
Nxh5 15. Rad1 c6 16. b4 Nf6 17. c4 e5 18. f3 Re8 19. Bf2 e4 20. fxe4 Bg4 21.
Rde1 Rad8 22. Re3 Rxd3 23. Rxd3 Be2 24. Rfd1 Bxd1 25. Rxd1 Nxe4 26. Rd7 Rb8 27.
Bd4 Kf8 28. Be5 Ke8 29. Rd3 Rd8 30. Rxd8+ Kxd8 31. Bxg7 h5 32. Bh6 Nc3 33. Kf2
Ke7 34. Kf3 Ke6 35. Bd2 Nd1 36. Bc1 Kf5 37. a4 Nc3 38. a5 Ne4 39. g3 Nf6 40. h3
Nd7 41. Bb2 Ne5+ 42. Bxe5 Kxe5 43. g4 h4 44. Ke3 f6 45. b5 cxb5 46. cxb5 Kd5
47. c6 1-0

[Event "XXVII Festival Conca della Presolana B"]
[Site "Bratto - Castione della Presolana ITA"]
[Date "2007.08.31"]
[Round "8"]
[White "Hunt, Daniel"]
[Black "Vargiu, Antonio"]
[Result "1-0"]
[WhiteElo "1754"]
[BlackElo "1917"]
[PlyCount "75"]
[EventDate "2007.08.24"]

1. e4 e6 2. d4 d5 3. Nc3 Bb4 4. e5 c5 5. Bd2 Ne7 6. dxc5 Bd7 7. Qg4 Bxc3 8.
Bxc3 Ng6 9. Nf3 Nc6 10. Bd3 O-O 11. h4 d4 12. Bxd4 Nxd4 13. Qxd4 f5 14. exf6
Rxf6 15. Bxg6 hxg6 16. O-O-O Qa5 17. Qxd7 Qxa2 18. c3 Qc4 19. Qd4 Qb5 20. Rhe1
a5 21. Re4 a4 22. Qb4 Qc6 23. Rd6 Qc7 24. Qb6 Qxb6 25. Rxb6 Rf5 26. Rbxe6 a3
27. bxa3 Rxa3 28. Re8+ Rf8 29. Rxf8+ Kxf8 30. Kb2 Ra5 31. Rb4 Rxc5 32. Rxb7 Rc6
33. Kb3 Re6 34. Rf7+ Kxf7 35. Ng5+ Kf6 36. Nxe6 Kxe6 37. Kb4 Kd6 38. Kb5 1-0

[Event "XXVII Festival Conca della Presolana B"]
[Site "Bratto - Castione della Presolana ITA"]
[Date "2007.08.31"]
[Round "8"]
[White "Luppi, Dario"]
[Black "Dorati, Giuseppe"]
[Result "1/2-1/2"]
[WhiteElo "1763"]
[BlackElo "1715"]
[PlyCount "65"]
[EventDate "2007.08.24"]

1. d4 Nf6 2. Bf4 e6 3. e3 d5 4. Nf3 Be7 5. c3 Nbd7 6. Bd3 c5 7. Nbd2 b6 8. Ne5
Bb7 9. Qf3 Nxe5 10. Bxe5 c4 11. Bxc4 Qc8 12. Bb5+ Bc6 13. Bd3 Qd7 14. Qg3 O-O-O
15. a4 Bd6 16. Bxd6 Qxd6 17. Qxd6 Rxd6 18. b4 Rd7 19. O-O Rc7 20. c4 dxc4 21.
Nxc4 Kd7 22. Ne5+ Ke7 23. Ba6 Nd5 24. b5 Bd7 25. Rfc1 f6 26. Nd3 Kd6 27. Rxc7
Kxc7 28. Rc1+ Kd6 29. e4 Ne7 30. e5+ Kd5 31. exf6 gxf6 32. Nb4+ Kd6 33. Nc6
1/2-1/2

[Event "XXVII Festival Conca della Presolana B"]
[Site "Bratto - Castione della Presolana ITA"]
[Date "2007.08.31"]
[Round "8"]
[White "Melone, Antonio"]
[Black "Galasso, Daniele"]
[Result "0-1"]
[WhiteElo "1704"]
[BlackElo "1712"]
[PlyCount "74"]
[EventDate "2007.08.24"]

1. d4 d5 2. c4 c6 3. Nc3 Nf6 4. Nf3 a6 5. e3 b5 6. cxd5 cxd5 7. Bd3 Bg4 8. O-O
Nbd7 9. h3 Bh5 10. Re1 e6 11. e4 dxe4 12. Nxe4 Be7 13. a4 O-O 14. axb5 axb5 15.
Rxa8 Qxa8 16. Nxf6+ Nxf6 17. Bxb5 Bxf3 18. gxf3 Nd5 19. Bc4 Rd8 20. Be3 Qc6 21.
Qe2 Qd6 22. Bxd5 Qxd5 23. Rd1 Bf6 24. Qe1 Rb8 25. Qd2 Rd8 26. b4 Rb8 27. Qc3
Be7 28. Rb1 Rb5 29. Qc7 Bf8 30. Qc3 Qf5 31. Rb2 h6 32. Bd2 Qg6+ 33. Kh2 Bd6+
34. f4 Rg5 35. Qf3 Qf5 36. Rb3 Qc2 37. Kh1 Rf5 0-1

[Event "XXVII Festival Conca della Presolana B"]
[Site "Bratto - Castione della Presolana ITA"]
[Date "2007.08.31"]
[Round "8"]
[White "Mora, Lorenzo"]
[Black "Caputi, Giuliano"]
[Result "1/2-1/2"]
[WhiteElo "1920"]
[BlackElo "1975"]
[PlyCount "35"]
[EventDate "2007.08.24"]

1. e4 c6 2. Nc3 d5 3. Qf3 dxe4 4. Nxe4 Nd7 5. d4 Ngf6 6. Nxf6+ Nxf6 7. c3 Bg4
8. Qg3 Bf5 9. Bd3 Bxd3 10. Qxd3 e6 11. Bg5 Be7 12. Nf3 O-O 13. h4 c5 14. Rd1
cxd4 15. Qb1 Qb6 16. Nxd4 Rad8 17. O-O h6 18. Bxf6 1/2-1/2

[Event "XXVII Festival Conca della Presolana B"]
[Site "Bratto - Castione della Presolana ITA"]
[Date "2007.08.31"]
[Round "8"]
[White "Morandi, Daniele"]
[Black "Brunello, Roberta"]
[Result "1/2-1/2"]
[WhiteElo "1904"]
[BlackElo "1953"]
[PlyCount "158"]
[EventDate "2007.08.24"]

1. e4 e5 2. Nf3 Nc6 3. d4 exd4 4. Bc4 Bc5 5. O-O Nf6 6. e5 d5 7. exf6 dxc4 8.
Re1+ Be6 9. Ng5 Qd5 10. Nc3 Qf5 11. Nce4 Bb6 12. Nxf7 O-O 13. Nfg5 gxf6 14. Ng3
Qa5 15. Nxe6 Rf7 16. Qg4+ Kh8 17. Bh6 Rg8 18. Bg7+ Rgxg7 19. Nxg7 Ne5 20. Rxe5
Qxe5 21. N7h5 f5 22. Qe2 Qc5 23. Nf4 Re7 24. Ne6 d3 25. cxd3 cxd3 26. Nxc5 dxe2
27. Nd3 Rd7 28. Re1 Rxd3 29. Rxe2 Rd1+ 30. Nf1 Rb1 31. b3 Kg7 32. g3 Kf6 33.
Kg2 Ra1 34. Nd2 a6 35. Nc4 Bc5 36. Na5 b6 37. Nc6 Rc1 38. Ne5 Rd1 39. f4 Rg1+
40. Kf3 Rf1+ 41. Kg2 Rd1 42. Rc2 Bd6 43. Nc4 Bc5 44. Ne5 a5 45. Nc4 Rd4 46.
Nxa5 Rd1 47. Nc6 Rb1 48. Ne5 Rd1 49. Nf3 h6 50. Rd2 Ra1 51. Ne5 Bd6 52. Nc4 Bc5
53. a4 Rb1 54. Rd3 Ke6 55. Kh3 Bg1 56. Ne5 Rb2 57. Nf3 Bc5 58. Kh4 Kf6 59. Kh5
Bf8 60. h3 Rb1 61. Rc3 c5 62. Ne5 Rh1 63. g4 fxg4 64. Nxg4+ Kf5 65. Nxh6+ Kxf4
66. Rc4+ Kg3 67. Nf5+ Kf3 68. h4 Rg1 69. Nh6 Rg7 70. Ng4 Kg3 71. Nh6 Rh7 72.
Rg4+ Kh3 73. Rg6 Rxh6+ 74. Rxh6 Bxh6 75. Kxh6 Kxh4 76. Kg6 Kg4 77. Kf6 Kf4 78.
Ke6 Ke4 79. Kd6 Kd4 1/2-1/2

[Event "XXVII Festival Conca della Presolana B"]
[Site "Bratto - Castione della Presolana ITA"]
[Date "2007.08.31"]
[Round "8"]
[White "Nepi, Ezio"]
[Black "Orsatti, Marcello"]
[Result "0-1"]
[WhiteElo "1831"]
[BlackElo "1857"]
[PlyCount "90"]
[EventDate "2007.08.24"]

1. c4 c5 2. Nf3 Nc6 3. d4 cxd4 4. Nxd4 g6 5. Nc3 Bg7 6. Be3 Nf6 7. Nxc6 bxc6 8.
g3 Qc7 9. Bg2 Rb8 10. b3 a6 11. Rc1 c5 12. O-O Bb7 13. h3 Bxg2 14. Kxg2 O-O 15.
Qd2 d6 16. Rfd1 Qb7+ 17. f3 Rfd8 18. Qc2 Nd7 19. Bg5 Ne5 20. Nd5 Nc6 21. Qe4
Re8 22. Qh4 f6 23. Bh6 Nb4 24. Nxb4 Qxb4 25. Rd5 a5 26. Bxg7 Kxg7 27. Qg4 Qa3
28. Rc2 a4 29. bxa4 Qxa4 30. Rcd2 Rb4 31. Qe6 Rxc4 32. Rxd6 exd6 33. Qxd6 Rd4
34. Qc7+ Kg8 35. Rb2 Qd7 36. Qxc5 Rd2 37. Rxd2 Qxd2 38. Qc4+ Kg7 39. Kf2 Qe3+
40. Kf1 Qe6 41. Qc2 Qxh3+ 42. Kf2 Qh2+ 43. Kf1 Qxg3 44. Qd2 Qh3+ 45. Kf2 Qe6
0-1